000
00293nam a22001217a 4500
020
_a
0-03-077150-1
082
_a
658.403 CHO'P
100
_a
CHOU, YA-LUN
_9
76323
245
_a
PROBABILITY AND STATISTICAL FOR DECISION MAKING
260
_a
NEWYORK
_b
HOLT
_c
1972
300
_a
623P
942
_c
BK
999
_c
581717
_d
581717